Manual de negociación colectiva

Na minha lista:
Detalhes bibliográficos
Autor principal: Otárola Sotomayor, Eladio (autor)
Formato: Livro
Idioma:espanhol
Publicado em: Santiago Jurídica Cono Sur 1991
Assuntos:
Tags: Adicionar Tag
Sem tags, seja o primeiro a adicionar uma tag!

MARC

LEADER 00000nam a2200000 a 4500
001 UCV2642
003 CL-VaPUC
008 920929e19910000CL |||||||||||||||||spa|d
082 0 4 |a 344.01  |b OTA  |2 21 
100 |a Otárola Sotomayor, Eladio  |e autor  |9 439736 
245 1 0 |a Manual de negociación colectiva 
300 |a 364 p 
942 |c BK 
945 |d 19920929 00:00:00 
260 |a Santiago  |b Jurídica Cono Sur  |c 1991 
500 |a Contiene: Legislación, Procedimientos, Tablas de Plazos, Jurisprudencia, Modelos y formatos prácticos 
650 7 |a NEGOCIACIONES COLECTIVAS DE TRABAJO  |2 CL-VaPUC  |9 255583 
650 7 |a DERECHO LABORAL  |2 CL-VaPUC  |9 15 
651 7 |a CHILE  |2 CL-VaPUC  |9 296911 
583 |a last modification  |c 20170711 03:24:39  |k Rodrigo Vera 
999 |c 210153  |d 210151 
952 |0 0  |1 0  |4 0  |6 344_010000000000000_OTA_1991  |7 0  |8 A  |9 186197  |a BIBDER  |b BIBDER  |d 2019-11-14  |i 2536730  |o 344.01 OTA 1991  |p 2536730  |r 2023-01-25  |w 2019-11-14  |y BK  |k DER